| 000 | 00557nam a2200205 i 4500 | ||
|---|---|---|---|
| 001 | bgj | ||
| 100 | 1 | _aJAKOB, Angelika. | |
| 245 | 1 | 0 |
_aMuss wandeln ohne Leuchte : _bAnnette von Droste-Hülshoff eine poetische Biographie / _cAngelika Jakob. |
| 260 |
_aPaderborn : _bIgel Verlag, _c1994. |
||
| 300 |
_a120 s. ; _c20 cm. |
||
| 650 | 9 | _aLiteratura niemiecka | |
| 020 | _a3927104663 | ||
| 040 | _cBPK | ||
| 041 | 0 | _ager | |
| 044 | _aDEU | ||
| 080 | _a821.112.2 | ||
| 920 | _a3-927104-66-3 | ||
| 942 | _cKS | ||
| 008 | s gw f |000 0 ger | ||
| 999 |
_c50375 _d50375 |
||
| 856 |
_uhttp://koha.tu.koszalin.pl/cgi-bin/koha/opac-detail.pl?biblionumber=50375 _yKatalog online BPK |
||